| LEADER |
01506ngm0a2200265 450 |
| 001 |
16848345 |
| 100 |
|
|
|a 20241129d2025 u u0frey01 ba
|
| 101 |
0 |
|
|a fre
|
| 102 |
|
|
|a FR
|
| 200 |
0 |
|
|a Ma vie ma gueule
|f Sophie Fillières, réal.
|g Philippe Katerine, comp. - Agnès Jaoui, Philippe Katerine, Valérie Donzelli, Angelina Woreth, Edouard Sulpice, Laurent Capelluto, ... [et al.] act.
|
| 207 |
|
1 |
|a
|
| 210 |
|
|
|a Pologne
|c Jour2Fête
|d 2025
|
| 215 |
|
|
|a 2 DVD vidéo monoface zone 2 (1 h 40 min)
|c 1.85:1, 16/9, coul., (PAL), Son. (Dolby Digital 2.0;); (Dolby Digital 5.1; franç
|
| 300 |
|
|
|a Langues principales : français; Sous-titres : anglais
|
| 330 |
|
|
|a Barberie Bichette, qu'on appelle à son grand dam Barbie, a peut-être été belle, peut-être été aimée, peut-être été une bonne mère pour ses enfants, une collègue fiable, une grande amoureuse, oui peut-être... Aujourd'hui, c'est noir, c'est violent, c'est absurde et ça la terrifie : elle a 55 ans (autant dire 60 et bientôt plus !). C'était fatal, mais comment faire avec soi-même, avec la mort, avec la vie en somme...
|
| 700 |
|
0 |
|a Fillières
|b Sophie
|4 370
|
| 702 |
|
0 |
|a Katerine
|b Philippe
|4 230
|
| 702 |
|
0 |
|a Jaoui
|b Agnès
|4 5
|
| 702 |
|
0 |
|a Donzelli
|b Valérie
|4 5
|
| 702 |
|
0 |
|a Woreth
|b Angelina
|4 5
|
| 702 |
|
0 |
|a Sulpice
|b Edouard
|4 5
|
| 702 |
|
0 |
|a Capelluto
|b Laurent
|4 5
|
| 900 |
|
|
|a Film
|
| 901 |
|
|
|a Accessible au prêt
|
| 995 |
|
|
|a Bibliothèque
|c Bibliothèque
|f 00156008431736
|h 00156008431736
|k F FIL
|o p
|q a
|r gd
|e Bibliothèque
|